Statistics for The Ultimate SOCCER quiz 2020

Click here to take the quiz!

General Stats

  • This quiz has been taken 665 times
  • The average score is 15 of 22

Answer Stats

QuestionAnswer% Correct
EASY: What Team Does Lionel Messi Play ForF.C Barcelona
99%
EASY: What is the top tier in EnglandPremier League
98%
EASY: Which team does Pogba play forManchester United
97%
EASY: What team does Kevin De Bruyne playManchester City
96%
MEDIUM: Which Team won The 2018 FIFA world CupFrance
92%
MEDIUM: Which teams have Christiano Ronaldo played forSporting CP, Manchester United, Real madrid and Juventus
91%
SUPER HARD: What Country has the most FIFA world cup WinsBrazil
88%
SUPER HARD: what country is pulisic fromUSA
88%
HARD: What Country is Alexis Sanchez fromchile
87%
FINE: Which player won the 2020 ballon d'orMessi
86%
MEDIUM: What team has won the most Europa league Titlessevilla
72%
EXTREME: Which National Team has the most Titles (Any Title)Brazil
71%
FINE: Which team won the 18/19 Premier League titlemanchester City
66%
SUPER HARD: What Is Vidal's FIFA 20 rating84
65%
MEDIUM: Which player won the Champions league 11/12 Golden ball awardMessi
57%
HARD: How many goals has ronaldo scored 22/04/2020around 720
46%
SUPER HARD: What FIFA 20 rating does Cavani Have86
45%
FINE: Which Player won the LaLiga golden Boot in the 16/17 season #throwbackMessi
38%
SUPER HARD: Which Nation has the most Confederations Cup TitlesBrazil
34%
Hard: Which two players are the TOTY CBsvan Digk, De ligt
34%
IMPOSSIBLE ( maybe): Which Player Has played for the most teamsFreddy Adu
21%
SUPER HARD: How many games has ronaldo played732
20%

Score Distribution

Percentile by Number Answered

Percent of People with Each Score

Your Score History

You have not taken this quiz